000 00810cab a2200253 4500
001 WB3131-64
008 090401t1995 xxu||||| |||| 00| 0 eng d
035 _a(Sirsi) u51940
041 _aeng
245 _aLand values may rise by 25%
260 _c1995
350 _a0
490 _aFarmer`s Guardian
_v4 August 1995, 6
490 _aFarmers' Weekly
_v123(6) 11 August 1995, 73(2)
520 _aAccording to Jim Ward, head of agricultural research at Savills, the average value of vacant possession farmland could increase by 25%, now the threat of interest rate rises is receding.
650 _aFARMLAND
650 _aFORECASTS
650 _aLAND PRICES
650 _aSAVILLS FARMLAND VALUATION SURVEY
650 _aSTRUTT AND PARKER
690 _aLAND
942 _n0
948 _c04/03/1997
999 _c32224
_d32224